| 000 | 00385nam a2200145Ia 4500 | ||
|---|---|---|---|
| 008 | 150201s2007 xx 000 0 und d | ||
| 082 |
_a617.603 _bM2007S |
||
| 100 | _aSTEDMAN'S | ||
| 245 | _aSTEDMANS MEDICAL DICTIONARY FOR DENTAL PROFESSIONS | ||
| 250 | _a1ST | ||
| 260 |
_bLIPPINCOTT PUBLICATION _aPHILADELPHIA _c2007 |
||
| 300 | _a1-600 | ||
| 650 | _aDICTIONARIES | ||
| 942 |
_2ddc _cBK |
||
| 999 |
_c4224 _d4224 |
||